Water resistance (Record no. 83080)

MARC details
000 -LEADER
fixed length control field 01111cab a22001935a 4500
001 - CONTROL NUMBER
control field L152762
008 - FIXED-LENGTH DATA ELEMENTS--GENERAL INFORMATION
fixed length control field 110419e20110326xxk 000 0 eng d
035 ## - SYSTEM CONTROL NUMBER
System control number (Sirsi) u152762
041 0# - LANGUAGE CODE
Language code of text/sound track or separate title eng
100 1# - MAIN ENTRY--PERSONAL NAME
Personal name Highmore, Sue
245 00 - TITLE STATEMENT
Title Water resistance
260 ## - PUBLICATION, DISTRIBUTION, ETC.
Date of publication, distribution, etc. 2011
490 ## - SERIES STATEMENT
Series statement Estates Gazette
Volume/sequential designation (1112) 26 March 2011, 104-106(3)
520 ## - SUMMARY, ETC.
Summary, etc. Explains the tougher stance that the insurance industry is taking on flooding. Insurance practice on flood risk has changed over the past 12 months; members of the Association of British Insurers are committed until July 2013 to the revised 'Statement of principles on the provision of flood insurance' but they have made it clear they do not intend to renew the commitment after this. With further advice on flood-resistance works and keeping up with insurers with a mention of the RICS booklet on flooding and the requirement in the Red Book for surveyors to consider flooding in their valuations.
590 ## - LOCAL NOTE (RLIN)
Local note KA
651 #4 - SUBJECT ADDED ENTRY--GEOGRAPHIC NAME
Geographic name England and Wales
Chronological subdivision 1543-
690 ## - LOCAL SUBJECT ADDED ENTRY--TOPICAL TERM (OCLC, RLIN)
Topical term or geographic name as entry element ENVIRONMENTAL AND LAND CONSULTANCY-WATER RESOURCE MANAGEMENT-FLOODING
942 ## - ADDED ENTRY ELEMENTS (KOHA)
Suppress in OPAC 0
Holdings
Withdrawn status Lost status Source of classification or shelving scheme Damaged status Not for loan Home library Current library Shelving location Date acquired Total Checkouts Full call number Barcode Date last seen Copy number Price effective from Koha item type
    Dewey Decimal Classification     London London Journal article 19/04/2011   L152762 152762-1001 06/08/2019 1 06/08/2019 Journal article